000 00591nam a22002297a 4500
003 UA-OsUOA
001 80334
007 ta
008 20111206b un ||||| |||| 00| 0 ukr d
100 _aКатаев В.
090 _a821.161.1
_bК29
942 _cBK
040 _aUA-OsUOA
_bukr
_cUA-OsUOA
_dUA-OsUOA
245 _aБелеет парус одинокий
_bПовесть
300 _a278 с.
955 _a2
041 _aukr
080 _a821.161.1
260 _aК.
_c1980
650 7 _a82 Література. Літературознавство
_2UDC
999 _c366653
_d366653